Statistics for Vegetables Picture Quiz

Click here to take the quiz!

General Stats

  • This quiz has been taken 26 times
    (25 since last reset)
  • The average score is 15 of 18

Answer Stats

Answer% Correct
Carrot
96%
Broccoli
92%
Corn
88%
Garlic
88%
Onion
88%
Pepper
88%
Potato
88%
Asparagus
83%
Beet
83%
Celery
83%
Cucumber
83%
Lettuce
83%
Peanut
83%
Pumpkin
83%
Pea
75%
Ginger
71%
Squash
50%
Turnip
50%

Score Distribution

Percentile by Number Answered

Percent of People with Each Score

Your Score History

You have not taken this quiz since the last reset